000 02570nam0a2200409 4500
001 RU\NLR\BIBL_A\016276147
005 20230314111723.0
010 _a978-5-7670-3116-0
_91500
021 _aRU
_bКН-П-22-093725
_9КН-П-22-8376
035 _a(NLR Aleph) 016276147
035 _a(RuMoRGB)011503522
090 _a12901917
_c12901917
100 _a20230203d2022 u y0rusy50 ca
101 0 _arus
102 _aRU
105 _aach z 010zb
181 0 _ab3
_bbb2e
181 0 _ai2
_baxxe
182 0 _an
200 1 _aБудущее не спешило ко мне...
_eхудожник Анатолий Миттов
_e[книга-альбом]
_fА. И. Мордвинова
_g[Чувашский государственный институт гуманитарных наук]
203 _aИзображение
_aТекст
_bвизуальные
_cнепосредственные
210 _aЧебоксары
_cЧувашское книжное издательство
_d2022
215 _a271, [1] с.
_cил., цв. ил., портр., факс.
_d27
225 1 _aВыдающиеся люди Чувашии
_dЧăвашсен чаплă çыннисем
_zchv
320 _aБиблиогр. в подстроч. примеч.
320 _aДр. работы авт. на 4-й с. обл.
330 _aНоваторские идеи А. И. Миттов (1932-1971) во многом предопределили пути развития чувашского изобразительного искусства ХХ века. Высокая художественность его произведений, глубина замыслов, опередивших свое время, сделали творческое наследие подлинной ценностью чувашской культуры. Книга издана к 90-летию Анатолия Ивановича Миттова
600 1 _aМиттов
_bА.И.
_f1932 - 1971
_gАнатолий Иванович
_jАльбомы
_91098158
_3RU\NLR\AUTH\66431967
675 _a75Миттов(084)
_v4
686 1 _aЩ143(2Р=Чув)7-8Миттов я61
686 1 _aЩ153(2Р=Чув)7-8Миттов я61
700 1 _aМордвинова
_bА. И.
_f1952-
_gАнтонина Ильинична
702 1 _4440
_7ca
_8rus
_aМиттов
_bА. И.
_cхудожник
_f1932-1971
_gАнатолий Иванович
_958801
_3RU\NLR\AUTH\7775873
942 _cBOOK
980 _aNB